000 02850nam0a2200445 i 4500
001 RU\NLR\bibl\1889688
005 20260408080434.0
010 _a9785912832109
_9150
021 _aRU
_b2012-20519
_91552
035 _a(nilc)LIBNET\0000246878
035 _a(NLR Aleph) 001879385
090 _a2769708
_c2769708
100 _a20120605d2012 u y0rusy50 ca
101 0 _arus
102 _aRU
105 _ay |||||||||
200 1 _aПедагогическое проектирование в условиях интернатного учреждения
_eучебно-методическое пособие для слушателей курсов повышения квалификации
_fМ-во образования и науки Челяб. обл., Гос. бюджет. образоват. учреждение доп. проф. образования "Челяб. ин-т переподгот. и повышения квалификации работников образования"
_g[сост.: И. Г. Николаев, Д. А. Шилков]
210 _aЧелябинск
_cЦицеро
_d2012
215 _a133 с.
_cил.
_d21
225 1 _aСерия "Педагогическая мастерская: новые стандарты в действии"
320 _aБиблиогр.: с. 128-133 (68 назв.)
606 1 _aПедагогическое проектирование
_jУчебно-методические пособия для повышения квалификации
_xШколы-интернаты
_92129047
_3RU\NLR\auth\661588638
610 1 _aпедагогика школы
610 1 _aшколы-интернаты
610 1 _aпедагогическая деятельность школ-интернатов
610 1 _aпедагогическое проектирование в интернатных учреждениях
610 1 _aпедагогические технологии в школах-интернатах
610 1 _aобразовательные инновации в интернатных учреждениях
686 _a74.200.24я77
_vLBC/M
_2rubbk
686 _a74.247.2я77
_vLBC/M
_2rubbk
686 _a14.25.07
_2rugasnti
686 _aЧ424(2)714.4в2я77
702 1 _4220
_8rus
_7ca
_aНиколаев
_bИ. Г.
_cканд. пед. наук
_gИгорь Геннадьевич
_3RU\NLR\auth\77106160
_989085
712 0 2 _4570
_aЧелябинский институт переподготовки и повышения квалификации работников образования
_3RU\NLR\AUTH\8810094786
_9690730
801 0 _aRU
_bЧелябинская ОУНБ
_c20120605
801 1 _aRU
_bЧелябинская ОУНБ
_c20120605
801 2 _aRU
_bNLR
_c20120409
_grcr
942 _cBOOK
980 _aNBR